000 01002njm a22002897a 4500
005 20100920111623.0
007 sd ammalaaahaa
008 100913t xxu||||| |||| 00| 0 hin d
028 _aECLP. 5472
_bHis Master's Voice
035 _aGR-03400
040 _aSED/VEN
100 _919606
_aMangeshkar, Lata
245 _aNastik part. 1 & 2 /
_h[sound recording] :
_cby Lata Mangeshkar ; music C. Ramchandra ; lyric Pradeep
246 _aनास्तिक (लता मंगेशकर)
260 _aDum Dum, India
_bHis Master's Voice
_cn. d.
300 _a1 sound disc [Gramophone record] :
_banalog, 33 1/3 rpm
_c12 in. (LP)
_fGramophone record
500 _aBrief record.
500 _aHis Master's Voice
500 _aOrange
505 _aGagan jhanjhana raha, Kitna badal gaya insaan
650 _aClassical Music
_xExcerpts
_zIndia
_919607
_vFilmi Song
700 _91184
_aC. Ramchandra
700 _920675
_aPradeep
700 _919643
700 _919690
942 _2ddc
_cGR
999 _c46892
_d46892